Statistics for 50 biggest cities in The Netherlands

Click here to take the quiz!

General Stats

  • This quiz has been taken 6,104 times
  • The average score is 29 of 50

Answer Stats

#PopulationCity% Correct
1825,880Amsterdam
100%
2625,472Rotterdam
99%
3515,076The Hague
97%
4335,089Utrecht
94%
7200,210Groningen
90%
5223,876Eindhoven
89%
21122,358Maastricht
85%
9181,775Breda
79%
10170,943Nijmegen
77%
6211,726Tilburg
77%
15152,506Arnhem
76%
13157,058Haarlem
76%
17150,954's-Hertogenbosch (Den Bosch)
73%
8197,318Almere
72%
20124,032Zwolle
72%
11158,308Enschede
71%
25107,858Leeuwarden
71%
28107,176Alkmaar
69%
22121,754Leiden
66%
4476,333Lelystad
66%
12158,226Apeldoorn
65%
30100,468Venlo
65%
14152,752Amersfoort
63%
5067,133Assen
61%
29101,022Delft
58%
4672,300Almelo
56%
23119,009Dordrecht
55%
4971,018Gouda
54%
26107,687Emmen
53%
16151,495Zaanstad (Zaandam)
52%
4081,069Hengelo
50%
3198,604Deventer
49%
3687,115Hilversum
48%
4276,870Roosendaal
44%
3293,630Sittard/Geleen
42%
3389,903Oss
41%
19124,089Zoetermeer
41%
3587,429Heerlen
40%
24111,847Ede
39%
4771,895Hoorn
38%
3787,337Amstelveen
36%
3489,797Helmond
36%
18144,090Haarlemmermeer (Hoofddorp)
34%
27107,447Alphen aan den rijn
33%
3984,141Sneek
33%
4179,699Purmerend
29%
4376,858Schiedam
28%
3885,083Spijkenisse
20%
4871,719Vlaardingen
19%
4574,108Leidschendam-Voorburg
12%

Score Distribution

Percentile by Number Answered

Percent of People with Each Score

Your Score History

You have not taken this quiz